| 000 | 00710nam a22002055i 4500 | ||
|---|---|---|---|
| 001 | 162908 | ||
| 003 | ES-MaACL | ||
| 005 | 20250721062641.0 | ||
| 008 | 050707s1880 fr |||| | fre d | ||
| 040 |
_aCAM _bspa _cCAM |
||
| 100 | 1 |
_aRambaud, Prosper. _9131572 |
|
| 245 | 1 | 0 |
_aPrécis élémentaire d'économie politique a l'usage des facultés de droit et des écoles / _cpar Prosper Rambaud. |
| 260 |
_aParis : _bErnest Thorin, _c1880 ( _eToulouse : _fImp. A. Chauvin et Fils) |
||
| 300 |
_a219 p. ; _c19 cm. |
||
| 650 | 0 | 7 |
_aEconomía _2embne _912006 |
| 752 |
_aFrancia - _dParís |
||
| 752 |
_aFrancia - _dToulouse |
||
| 852 |
_aES-MaACL _jB-13462 _z-- Rúst. deteriorada |
||
| 999 |
_c162908 _d162908 |
||